Statistiques concernant Top 15 des pays avec les décès de Covid-19 - 12 janvier 2022

Cliquez ici pour prendre le quiz!

Statistiques générales

  • Ce quiz a été pris 24 fois
  • Le résultat moyen est 14 sur 27

Statistiques - réponses

pays% Correct
France
100%
Etats-Unis
96%
Russie
96%
Allemagne
91%
Brésil
91%
Inde
91%
Italie
87%
Royaume-Uni
83%
Argentine
78%
Mexique
65%
Pérou
61%
Colombie
57%
Pologne
57%
Iran
43%
Indonésie
39%
Roumanie
39%
Hongrie
35%
Croatie
30%
Slovaquie
26%
Slovénie
26%
Bulgarie
22%
Géorgie
22%
Tchèquie
22%
Arménie
17%
Bosnie-Herzégovine
17%
Lituanie
13%
Macédoine du Nord
4%

Distribution des résultats

Percentile par nombre de réponses

% des personnes avec chaque résultat

Votre développement - résultats

Vous n’avez pas pris ce quiz